000
00267nam a22001217a 4500
003
SGT
082
_a
370
_b
JHA
100
_a
JHA, SANJAY RODRICK
245
_a
DEVELOPMENT OF MODERN EDUCATION
260
_a
DELHI
_b
SR PUB.
_c
105
300
_a
207
942
_2
ddc
_c
BK
_0
2
999
_c
17596
_d
17596